Beyond the market (Record no. 2486)
[ view plain ]
| 000 -LEADER | |
|---|---|
| fixed length control field | 01299nam a2200325Ia 4500 |
| 082 04 - DEWEY DECIMAL CLASSIFICATION NUMBER | |
| Classification number | 306.3/4 |
| 100 1# - MAIN ENTRY--AUTHOR NAME | |
| Personal name | Beckert, Jens, |
| 245 10 - TITLE STATEMENT | |
| Title | Beyond the market |
| 260 ## - PUBLICATION, DISTRIBUTION, ETC. (IMPRINT) | |
| Place of publication | Princeton : |
| Name of publisher | Princeton University Press, |
| Year of publication | c2002. |
| 300 ## - PHYSICAL DESCRIPTION | |
| Number of Pages | 365 p. |
| 650 #0 - SUBJECT ADDED ENTRY--TOPICAL TERM | |
| Topical Term | Decision making |
| Topical Term | Economics |
| 856 40 - ELECTRONIC LOCATION AND ACCESS | |
| Uniform Resource Identifier | http://site.ebrary.com/lib/rucke/Doc?id=10284036 |
No items available.
